Statystyki dla Pierwowzory pokemonów 3

Kliknij tutaj aby rozwiązać quiz!

Ogólne statystyki

  • Ten quiz został rozwiązany 9 razy
  • Średni wynik to 60 z 247

Statystyki odpowiedzi

HintOdpowiedź% Poprawnych
TaurosByk
75%
AvaluggKra
75%
Crabominable | Crabrawler | Kingler | KrabbyKrab
75%
Krokorok | Krookodile | Sandile | TotodileKrokodyl
75%
Tentacool | TentacruelMeduza
75%
UrsaringNiedźwiedź
75%
ZubatNietoperz
75%
TepigŚwinia
75%
Yanma | YanmegaWażka
75%
Torkoal | Turtonator | Turtwig | WartortleŻółw
75%
Mew | Mewtwo | TorracatKot
63%
Vulpix | Zoroark | ZoruaLis
63%
OctilleryOśmiornica
63%
Ampharos | WoolooOwca
63%
DonphanSłoń
63%
WailmerWieloryb
63%
Mothim | Venomoth | WormadamĆma
50%
Haxorus | Kyurem | ZweilousDinozaur
50%
Larvesta | Scatterbug | WurmpleGąsienica
50%
Farfetch'dKaczka
50%
KecleonKameleon
50%
KangaskhanKangur
50%
TympoleKijanka
50%
Combusken | TorchicKurczak
50%
Slaking | VigorothLeniwiec
50%
Vanilish | VaniliteLody
50%
TeddiursaMiś
50%
VivillonMotyl
50%
WailordPłetwal błękitny
50%
GabiteSmok
50%
VenipedeStonoga
50%
ZigzagoonSzop
50%
TrubbishWorek na śmieci
50%
ZebstrikaZebra
50%
Cottonee | WhimsicottBawełna
38%
Victrebeel | WeepingbellDzbanecznik
38%
Sceptile | TreeckoGekon
38%
Golett | Regirock | RegisteelGolem
38%
CrawdauntHomar
38%
TaillowJaskółka
38%
Inkay | MalamarKalmar
38%
KomalaKoala
38%
MudsdaleKoń
38%
CorsolaKoral
38%
Cobalion | Gogoat | SkiddoKoza
38%
Alolan DugtrioKret
38%
VespiquenKrólowa pszczół
38%
BlazikenKura
38%
Panpour | Pansage | Simipour | SimisageMałpa
38%
Aegislash | HonedgeMiecz
38%
Beartic | CubchooNiedźwiedź polarny
38%
MudbrayOsioł
38%
PangoroPanda
38%
MimikyuPikachu
38%
CarvanhaPirania
38%
Togepi | TogeticPisklę
38%
CorphishRak
38%
ToucannonTukan
38%
UnfenzantBażant
25%
VikavoltJelonek rogacz
25%
KlefkiKlucze
25%
Victini | WhismurKrólik
25%
GrubbinLarwa
25%
UnownLitera
25%
WalreinMors
25%
PrinplupPingwin
25%
CryogonalPłatek śniegu
25%
SalanditSalamandra
25%
Mandibuzz | VullabySęp
25%
TalonflameSokół
25%
WatchogSurykatka
25%
GalvantulaTarantula
25%
PachirisuWiewiórka
25%
DewottWydra
25%
SeviperŻmija
25%
WooperAksolotl
13%
Archen | ArcheopsArcheopteryks
13%
TerrakionBawół
13%
ToxicroakDrzewołaz
13%
HoopaDżin
13%
BronzongDzwon
13%
Umbreon | VaporeonFenek
13%
Ho-Oh | MoltresFeniks
13%
TranquillGołąb
13%
HydreigonHydra
13%
ThrohJudoka
13%
XurkitreeKable
13%
SpewpaKokon
13%
DeoxysKosmita
13%
RelicanthLatimeria
13%
PassimianLemur
13%
Samurott | SealeoLew morski
13%
Leavanny | SwadloonLiściec
13%
MiniorMeteoryt
13%
DoubladeMiecze
13%
CarnivineMuchołówka
13%
Morelull | ShiinoticMuchomor
13%
SigilyphNazca
13%
KyogreOrka
13%
ClamperlPerła
13%
CharjabugPoczwarka
13%
GarchompRekin młot
13%
MagearnaRobot
13%
Goomy | SliggooŚlimak
13%
Pyukumuku | ShellosŚlimak morski
13%
TogedemaruSzczur
13%
Tyrantrum | TyruntTyranozaur
13%
PalossandZamek z piasku
13%
ScraggyAgama
0%
VirizionAntylopa
0%
Carracosta | TirtougaArchelon
0%
TropiusBananowiec
0%
SmeargleBeagle
0%
GroudonBehemot
0%
TangelaBiegacz
0%
Cutiefly | RibombeeBujanka
0%
NihilegoChełbia
0%
Silvally | Type: NullChimera
0%
GuzzlordCzarna dziura
0%
AxewDiiktodon
0%
GorebyssDrakon
0%
TrumpbeakDzięcioł
0%
MagbyGłuptak
0%
BisharpJet jaguar
0%
CelesteelaKaguya
0%
KartanaKatana
0%
KeldeoKelpie
0%
BlacephalonKlaun
0%
JoltikKleszcz
0%
DhelmiseKotwica
0%
WhirlipedeKrocionóg
0%
Galarian ZapdosKukawka
0%
WeedleLarwa osy
0%
WeavileŁasica
0%
ScraftyLiniejąca jaszczurka
0%
RegiceLodowiec
0%
HawluchaLuchador
0%
Bounsweet | Steenee | TsareenaMangostan
0%
Yungoos | ZangooseMangusta
0%
GolurkMech
0%
CosmogMgławica
0%
BuzzwoleMoskit
0%
TrapinchMrówkolew
0%
Melmetal | MeltanNakrętka
0%
AccelgorNinja
0%
RhyperiorNosorożec
0%
MaractusOpuncja
0%
BudewPąk
0%
ChatotPapużka falista
0%
VolcaronaPawica atlas
0%
SandygastPiaskownica
0%
PawniardPionek
0%
WoobatPodlistnik białawy
0%
PatratPręgowiec
0%
CosmoemProtogwiazda
0%
PheromosaPrzybyszka Amerykańska
0%
ZapdosPtak grom
0%
VanilluxePuft
0%
RayquazaQuetzalcoatl
0%
Bellossom | VileplumeRaflezja
0%
BruxishRogatnica
0%
HeracrossRohatyniec
0%
ArticunoRok
0%
GolisopodRównonóg
0%
Mareanie | ToxapexRozgwiazda
0%
FletchinderRudzik
0%
WimpodRybik Cukrowy
0%
WishiwashiSardynka
0%
StakatakaŚciana
0%
ServineScynka
0%
ScolipedeSkolopendra
0%
DrampaSmok azjatycki
0%
BergmiteSopel lodu
0%
GigalithStalagmit
0%
HuntailStrojnik
0%
Naganadel | PoipoleStrzykawka
0%
NecrozmaSupernova
0%
Illumise | VolbeatŚwietlik
0%
XatuTotem
0%
RemoraidToxotes
0%
TyrogueUczeń sztuk walki
0%
ComfeyWianek
0%
BouffalantWół
0%
ReshiramYang
0%
ZekromYin
0%
AlakazamZaklęcie
0%

Rozkład punktacji

Percentyl według liczby udzielonych odpowiedzi

Procent ludzi z każdym wynikiem

Twoja historia wyników

Nie rozwiązałeś tego quizu